Leyb-aygentum-kinder (Запись № 11597755)

Подробности
000 -МАРКЕР
контрольное поле 01916nam0a22004211 4500
001 - ИДЕНТИФИКАТОР ЗАПИСИ
контрольное поле RU\NLR\Evr\2720
005 - ИДЕНТИФИКАТОР ВЕРСИИ
контрольное поле 20251202160538.0
035 ## - ДРУГИЕ СИСТЕМНЫЕ НОМЕРА
Идентификатор записи (NLR Aleph) 011419107
100 ## - ДАННЫЕ ОБЩЕЙ ОБРАБОТКИ
Данные общей обработки 20080110d1926 u y0rusy50 ca
101 1# - ЯЗЫК РЕСУРСА
Язык текста, звукозаписи и т.д. идиш
102 ## - СТРАНА ПУБЛИКАЦИИ ИЛИ ПРОИЗВОДСТВА
Страна публикации российская федерация
105 ## - ПОЛЕ КОДИРОВАННЫХ ДАННЫХ: ТЕКСТОВЫЕ МАТЕРИАЛЫ, МОНОГРАФИЧЕСКИЕ
Кодированные данные о монографическом текстовом документе y |||||||||
200 1# - ЗАГЛАВИЕ И СВЕДЕНИЯ ОБ ОТВЕТСТВЕННОСТИ
Связь между полями a01
Графика поля Латинская
Основное заглавие Leyb-aygentum-kinder
Первые сведения об ответственности Unter der redakysie fun A.S. Rabinovitsh un A. Kushnirov
210 ## - ПУБЛИКАЦИЯ, РАСПРОСТРАНЕНИЕ И ДР.
Связь между полями a01
Место издания, распространения и т.д. Moskve
Имя издателя, распространителя и т. д. Tsentraler farlag far di felker fun FSSR
Дата издания, распространения и т.д. 1926
Графика поля Латинская
210 ## - ПУБЛИКАЦИЯ, РАСПРОСТРАНЕНИЕ И ДР.
Связь между полями a01
-- z02
Место издания, распространения и т.д. מאָסקווע
Имя издателя, распространителя и т. д. צענטראלער פארלאג פאר די פעלקער פון פססר
Дата издания, распространения и т.д. 1926
210 ## - ПУБЛИКАЦИЯ, РАСПРОСТРАНЕНИЕ И ДР.
-- z02
Место издания, распространения и т.д. Москва
Имя издателя, распространителя и т. д. Центральное издательство народов СССР
Дата издания, распространения и т.д. 1926
Графика поля Кириллица
215 ## - ФИЗИЧЕСКАЯ ХАРАКТЕРИСТИКА
Специфическое обозначение материала и объем 190 с.
Размеры 17 см.
225 1# - СЕРИЯ
-- a01
-- ba
Основное заглавие серии Kinder fun arbet un kamf
Обозначение тома Ershter bukh
225 1# - СЕРИЯ
-- a01
-- ha
Международный стандартный номер (кроме ISSN) z02
Основное заглавие серии קינדער פון ארבעט און קאמף
Обозначение тома ערשטער בוך
225 1# - СЕРИЯ
-- ca
Международный стандартный номер (кроме ISSN) z02
Основное заглавие серии Дети труда и борьбы
Обозначение тома Первая книга
510 1# - ПАРАЛЛЕЛЬНОЕ ЗАГЛАВИЕ
Связь между полями a01
Параллельное заглавие לייב-אייגנטום-קינדער
-- אונטער דער רעדאקציע פון א. ס. ראבינאָוויטש און א. קושניראָוו
541 1# - ПЕРЕВОД ЗАГЛАВИЯ, СДЕЛАННЫЙ КАТАЛОГИЗАТОРОМ
Заглавие Крепостные дети
Язык заглавия русский
702 #1 - ИМЯ ЛИЦА - ВТОРИЧНАЯ ОТВЕТСТВЕННОСТЬ
Связь между полями a01
Начальный элемент ввода Кушниров
Часть имени, кроме начального элемента ввода А. Д.
Даты 1890-1949
Расширение инициалов личного имени Арон Давидович
Идентификатор авторитетной/нормативной записи RU\NLR\AUTH\7948916
Код отношения Редактор
Графика поля Кириллица
702 #1 - ИМЯ ЛИЦА - ВТОРИЧНАЯ ОТВЕТСТВЕННОСТЬ
Связь между полями a01
Начальный элемент ввода Рабинович
Часть имени, кроме начального элемента ввода А.С.
Идентификатор авторитетной/нормативной записи RU\NLR\AUTH\7949647
Код отношения Составитель
Графика поля Кириллица
702 #1 - ИМЯ ЛИЦА - ВТОРИЧНАЯ ОТВЕТСТВЕННОСТЬ
Связь между полями a01
Начальный элемент ввода Rabinovitsh
Часть имени, кроме начального элемента ввода A.S.
Код отношения Редактор
Графика поля Латинская
702 #1 - ИМЯ ЛИЦА - ВТОРИЧНАЯ ОТВЕТСТВЕННОСТЬ
Связь между полями a01
Начальный элемент ввода קושניראָוו
Часть имени, кроме начального элемента ввода
Расширение инициалов личного имени ארן
Код отношения Редактор
Графика поля Древнееврейская
702 #1 - ИМЯ ЛИЦА - ВТОРИЧНАЯ ОТВЕТСТВЕННОСТЬ
Связь между полями a01
Начальный элемент ввода ראבינאָוויטש
Часть имени, кроме начального элемента ввода .א.ס
Код отношения Редактор
Графика поля Древнееврейская
702 #1 - ИМЯ ЛИЦА - ВТОРИЧНАЯ ОТВЕТСТВЕННОСТЬ
Связь между полями a01
Начальный элемент ввода Kushnirov
Часть имени, кроме начального элемента ввода A.
Расширение инициалов личного имени Aron
Код отношения Редактор
Графика поля Латинская
801 #0 - ИСТОЧНИК ЗАПИСИ
Страна российская федерация
Организация NLR
Дата составления 20080110
Правила каталогизации psbo
801 #0 - ИСТОЧНИК ЗАПИСИ
Страна российская федерация
Организация NLR
Правила каталогизации PSBO
801 #1 - ИСТОЧНИК ЗАПИСИ
Страна российская федерация
Организация NLR
Дата составления 20080110
Источник данных rusmarc
801 #2 - ИСТОЧНИК ЗАПИСИ
Страна российская федерация
Организация NLR
Дата составления 20080110
Источник данных rusmarc
852 ## - МЕСТОНАХОЖДЕНИЕ И ШИФР ХРАНЕНИЯ
Идентификатор организации NLR
Наименование фонда или коллекции (Sub-Location Identifier) ОЛСАА/идиш
Шифр хранения (Call Number) К-1443
942 ## - ДОПОЛНИТЕЛЬНЫЕ ЭЛЕМЕНТЫ ЗАПИСИ (АБИС)
Тип экземпляра АБИС Книга
980 ## - КОЛЛЕКЦИЯ
Название коллекции Национальная библиография
980 1# - КОЛЛЕКЦИЯ
Название коллекции Издания на идише из фонда ОЛСАА

Нет доступных экземпляров.